Biophysics od DNA (Record no. 1238117)

MARC details
000 -LEADER
fixed length control field 00761nam a2200241Ia 4500
005 - DATE AND TIME OF LATEST TRANSACTION
control field 20250117104440.0
008 - FIXED-LENGTH DATA ELEMENTS--GENERAL INFORMATION
fixed length control field 008 250103s9999 xx 000 0 eng d
020 ## - INTERNATIONAL STANDARD BOOK NUMBER
International Standard Book Number 9781107034938
037 ## - SOURCE OF ACQUISITION
Stock number Textbook
040 ## - CATALOGING SOURCE
Original cataloging agency CSL
Language of cataloging eng
Transcribing agency CSL
041 ## - LANGUAGE CODE
Language code of text/sound track or separate title eng
Source of code eng
084 ## - COLON CLASSIFICATION NUMBER
Classification number C:(G) Q5 Carpa
Assigning agency CSL
100 ## - MAIN ENTRY--PERSONAL NAME
Personal name Vologodskii, Alexander
9 (RLIN) 732253
245 #0 - TITLE STATEMENT
Title Biophysics od DNA
Statement of responsibility, etc. Vologodskii, Alexander
260 ## - PUBLICATION, DISTRIBUTION, ETC.
Place of publication, distribution, etc. port melborne
Name of publisher, distributor, etc. Cambridge University Press United kindom
Date of publication, distribution, etc. 2021
300 ## - PHYSICAL DESCRIPTION
Extent vi,254p. Col.ill.
650 ## - SUBJECT ADDED ENTRY--TOPICAL TERM
Topical term or geographic name entry element Conformational transitions
9 (RLIN) 734672
650 ## - SUBJECT ADDED ENTRY--TOPICAL TERM
Topical term or geographic name entry element Dna dynamicsCircular dna
9 (RLIN) 734673
650 ## - SUBJECT ADDED ENTRY--TOPICAL TERM
Topical term or geographic name entry element Dna structure
9 (RLIN) 734674
650 ## - SUBJECT ADDED ENTRY--TOPICAL TERM
Topical term or geographic name entry element Physics
942 ## - ADDED ENTRY ELEMENTS (KOHA)
Koha item type Textbook
Classification part C:(G) Q5 Carpa
Holdings
Withdrawn status Lost status Source of classification or shelving scheme Damaged status Not for loan Home library Current library Shelving location Date acquired Source of acquisition Inventory number Total Checkouts Full call number Barcode Date last seen Price effective from Koha item type
    Colon Classification (CC)     Central Science Library Department of Physics and Astrophysics Library   2025-01-17 DSR Publishers & Distributors 672, 13/02/2024   C:(G) Q5 Carpa PA0007680 2025-01-17 2025-01-17 Textbook
Copyright @ Delhi University Library System